000 00744nam a22002417a 4500
003 OSt
005 20240530073925.0
007 ta
008 210310b 2020 dr f00| 0 eng d
040 _aDO-SdBNP
_bspa
_cBNPHU
082 _aRD863.44
_bV443flo, 2020
_222
100 1 _aVeloz Maggiolo, Marcio,
_d1936-2021
_91104
245 1 0 _aFlorbella /
_cMarcio Veloz Maggiolo.
250 _a3a ed.
260 _aSanto Domingo :
_bFundación Marcio Veloz Maggiolo,
_c2020.
300 _a134 p. ;
_c19 cm.
500 _aIncluye datos biográficos del autor en las solapas
590 _aInventariado, 2021 /LP
650 0 _aNovela dominicana
_9223
650 0 _aLiteratura dominicana.
_967
910 _aValidado. Control de calidad MFF
942 _2ddc
_cLBS1
999 _c49524
_d49524